Business models, coproduction de valeur et système d'information

Salvato in:
Dettagli Bibliografici
Autore principale: Delmond, Marie-Hélene
Natura: Libro
Lingua:francese
Pubblicazione: Paris Springer 2013
Serie:Collection espaces numériques
Soggetti:
Tags: Aggiungi Tag
Nessun Tag, puoi essere il primo ad aggiungerne!!

MARC

LEADER 00000nam a2200000 4500
001 0210133
005 20240314094219.2
020 |a 978-2-8178-0488-0 
041 0 |a fre 
044 |a FR 
245 1 0 |a Business models, coproduction de valeur et système d'information  |c Marie-Hélène Delmond ...[et al.] 
264 1 |a Paris  |b Springer  |c 2013 
300 |a 119 s. 
490 1 |a Collection espaces numériques 
830 0 |a Collection espaces numériques 
610 2 0 |a modely podnikateľské 
610 2 0 |a modely podniku 
610 2 0 |a vývoj 
610 2 0 |a digitalizácia 
610 2 0 |a systémy informačné 
610 2 0 |a hodnota 
610 2 0 |a trh 
610 2 0 |a produkty 
610 2 0 |a služby 
610 2 0 |a klienti 
610 2 0 |a konkurencia 
610 2 0 |a softvér 
100 1 |a Delmond, Marie-Hélene